Statistical methods (Record no. 27518)

MARC details
000 -LEADER
fixed length control field 00307nam a2200133Ia 4500
082 ## - DEWEY DECIMAL CLASSIFICATION NUMBER
Classification number 031
Item number GUP
100 ## - MAIN ENTRY--AUTHOR NAME
Personal name Gupta, S P
245 #0 - TITLE STATEMENT
Title Statistical methods
250 ## - EDITION STATEMENT
Edition statement 10
260 ## - PUBLICATION, DISTRIBUTION, ETC. (IMPRINT)
Place of publication New Delhi
Name of publisher Sultan Chand
Year of publication 1978
650 ## - SUBJECT ADDED ENTRY--TOPICAL TERM
Topical Term Statistics
942 ## - ADDED ENTRY ELEMENTS (KOHA)
Koha item type Books
Holdings
Withdrawn status Lost status Damaged status Not for loan Collection code Home library Current library Date acquired Cost, normal purchase price Full call number Accession Number Koha item type
        Official use RRII Library RRII Library 16/12/2021 25.00 031 GUP 08137 Books